000 01032nam a2200277Ia 4500
003 OSt
005 20221005105044.0
006 a|||||r|||| 00| 0
007 ta
008 221004b |||||||| |||| 00| 0 hin d
020 _cINR 50.00
024 _a37782
037 _b1513, 21/02/2018, Bookwell
_cTextual
040 _aCRL
_cCRL
_bhin
041 _2hin
_ahin
082 _aV2y7M69:g, 152P3
100 _aदत्त, महेश्वर, ले.
245 0 _aगांधी का पंचायती राज
246 _aGāandhī kā panchāyatī rāja
260 _aदिल्ली
_bहिंदी माध्यम कार्यान्वय निदेशालय भारत
_c2003
300 _a99पृ0
_ccm.
650 _a भारत-इतिहास
_9156353
650 _aमहात्मा गांधी
942 _hV2y7M69:g, 152P3
_cTEXL
_2cc
999 _c1014609
_d1014609